| 000 | 01016nam a2200217Ia 4500 | ||
|---|---|---|---|
| 999 |
_c37482 _d37482 |
||
| 001 | 3444 | ||
| 003 | GE_BSU | ||
| 005 | 20190617215412.0 | ||
| 008 | 181216s2010||||ge |||||||||||||| ||geo|| | ||
| 040 | _cGE_BSU | ||
| 041 | _ageo | ||
| 080 | _a634.5 გ–65 | ||
| 100 |
_aგოლიაძე, ვ. _92534 |
||
| 245 |
_aთხილის ბაღის სხვლა–ფორმირება : _bსამახსოვრო ფერმერთათვის / _cგოლიაძე, ვ. ჯაყელი, ე.ჩაის, სუბტროპიკული კულტურების და ჩაის მრეწველობის ინ–ტი. |
||
| 264 |
_aოზურგეთი : _bმერიდიანი, _c2010. |
||
| 300 |
_a15 გვ. ; _b19 სმ. |
||
| 653 | _aუბტროპიკული კულტურები | ||
| 653 | _aჩაის კულტურა | ||
| 700 |
_aჯაყელი, ე. _eავტორი _92535 |
||
| 942 |
_cBK _2udc |
||